| 000 | 00482nam a2200097Ia 4500 | ||
|---|---|---|---|
| 008 | 180130s9999 xx 000 0 und d | ||
| 245 |
_cVujovic, Aleksandar; Krivokapic, Zdravko; Jovanovic, Jelena _aArtificial intelligence tools and case base reasoning approach for improvement business process performance |
||
| 260 | _c2014 | ||
| 300 | _aBook title: Effective implementation in total quality for project management--Acession number C20534; pages 1 - 28 | ||
| 650 | _aPROJECT MANAGEMENT | ||
| 999 |
_c354484 _d354484 |
||